Földrajzi zseblexikon

Bibliographic Details
Main Authors: Abella, Miklós (Author), Asztalos, István, 1909-1960 (Author), Bernáth, Tivadar (Author), Bonyhádi, Jenőné (Author), Bora, Gyula (Author), Eördegh, Béla (Author), Gyenes, Lajos (Author), Miklós, Gyula (Author), Sárfalvi, Béla (Author), Székely, András (Author), Tajti, Erzsébet (Author), Vagács, András (Author), Vörösmarti, Antal (Author), Wallner, Ernő (Author), Zalai, Györgyné (Author), Zombai, Pál (Author)
Other Authors: Koch, Ferenc (Compiler), Petres, László (Compiler), Szabó, Mihály G. (Compiler)
Format: Book
Language:Hungarian
PhysicalDescription:324 s. 44 mp. 8°
Published: Bratislava Csehszlov. Magyar Könyvkiadó v nakl. Művelt Nép, Budapest 1955
Subjects:

MARC

LEADER 00000nam a2200000 a 4500
001 vtls008370884
003 SK-MaSNL
005 20260301104441.0
008 181109s1955 xo hun
015 |a SKSNBA19451955-002737 
035 |a SK01SNKBKSFS20020063101 
035 |a SKM000065564 
040 |a SNK  |b slo  |c SNK  |e AACR2 
041 0 |a hun 
044 |a xo  |c SK 
080 |a 91  |2 1981 
245 1 0 |a Földrajzi zseblexikon  |c szerk. Koch Ferenc és Petres László ; (munkatársak: Abella Miklós, Asztalos István, Bernáth Tivadar, Bonyhádi Jenőné, Bora Gyula, Eördegh Béla, G. Szabó Mihály, Gyenes Lajos, Miklós Gyula, Sárfalvi Béla, Székely András, Tajti Erzsébet, Vagács András, Vörösmarti Antal, Wallner Ernő, Zalai Györgyné, Zombai Pál és a Marx Károly KE Nemzetközi gazdasági és politikai ismeretek tanszékánek dolgozói) ; (a színes terképeket a GKI munkátársai készítették) 
260 |a Bratislava  |b Csehszlov. Magyar Könyvkiadó v nakl. Művelt Nép, Budapest  |c 1955  |e [s.l.]  |f [s.n.] 
300 |a 324 s.  |b 44 mp.  |c 8° 
505 0 |a Abecedný zoznam štátov, s. 39-251. Menný register, s. 253-323 
563 |a 2.150 výtlač. pre ČSR v rámci kultúrnej dohody 
650 0 7 |a zemepis sveta vreckový  |2 SNK  |9 443194 
655 7 |a knihy  |2 SNKPH  |9 307098 
700 1 |a Koch, Ferenc  |4 com  |9 443195 
700 1 |a Petres, László  |4 com  |9 443196 
700 1 |a Abella, Miklós  |4 aut  |9 443197 
700 1 |a Asztalos, István,  |d 1909-1960  |4 aut  |9 203611 
700 1 |a Bernáth, Tivadar  |4 aut  |9 443198 
700 1 |a Bonyhádi, Jenőné  |4 aut  |9 443199 
700 1 |a Bora, Gyula  |4 aut  |9 443200 
700 1 |a Eördegh, Béla  |4 aut  |9 443201 
700 1 |a Szabó, Mihály G.  |4 com  |9 443202 
700 1 |a Gyenes, Lajos  |4 aut  |9 443203 
700 1 |a Miklós, Gyula  |4 aut  |9 271631 
700 1 |a Sárfalvi, Béla  |4 aut  |9 443204 
700 1 |a Székely, András  |4 aut  |9 443205 
700 1 |a Tajti, Erzsébet  |4 aut  |9 443206 
700 1 |a Vagács, András  |4 aut  |9 443207 
700 1 |a Vörösmarti, Antal  |4 aut  |9 443208 
700 1 |a Wallner, Ernő  |4 aut  |9 443209 
700 1 |a Zalai, Györgyné  |4 aut  |9 443210 
700 1 |a Zombai, Pál  |4 aut  |9 443211 
958 |a OND 
958 |a RK 
958 |a TL 
999 |c 698129  |d 700059 
952 |a SNK  |b SNK  |y PREZ  |7 0  |p 17A0504319  |o snkSD 13245  |i snk3395/57  |0 0  |1 0  |4 0  |d 2006-03-29  |l 0  |r 2026-02-23 20:48:16  |w 2026-02-23